| 000 | 00615cam a2200229 a 4500 | ||
|---|---|---|---|
| 001 | 544225 | ||
| 005 | 20180228044138.0 | ||
| 008 | 870819s1986 enk b 001 0 eng c | ||
| 010 | _a 87673388 | ||
| 020 |
_z0631148416 : _c£25.00 |
||
| 020 | _a0631148434 (pbk.) | ||
| 040 |
_aMH _cMH _dDLC |
||
| 041 | _aeng | ||
| 080 | _a305.42 jul | ||
| 082 | 0 | 0 |
_a305.42 jul _220 |
| 100 | _a48 | ||
| 101 | _apsi | ||
| 245 | 0 | 0 |
_aWhat is feminism? / _cedited by Juliet Mitchell & Ann Oakley. |
| 504 | _aIncludes bibliographies and index. | ||
| 906 |
_a7 _bcbc _corignew _du _encip _f19 _gy-gencatlg |
||
| 942 |
_2ddc _cBK |
||
| 999 |
_c43689 _d43689 |
||